Finálna spotreba obyvateľstva
Na minha lista:
| Autor principal: | |
|---|---|
| Formato: | Livro |
| Idioma: | eslovaco |
| Publicado em: |
Bratislava
Vyd. SAV
1970
|
| Tags: |
Sem tags, seja o primeiro a adicionar uma tag!
|
MARC
| LEADER | 00000nam a2200000 4500 | ||
|---|---|---|---|
| 001 | c131430 | ||
| 005 | 20230116103255.3 | ||
| 041 | 0 | |a slo | |
| 044 | |a SK | ||
| 245 | 1 | 0 | |a Finálna spotreba obyvateľstva |c Vladimír Mokrý |
| 264 | 1 | |a Bratislava |b Vyd. SAV |c 1970 | |
| 300 | |a 158 s. | ||
| 100 | 1 | |a Mokrý, Vladimír | |